[Event "4NCL/Div1/WES1 vs. BRI1"]
[Site "West Bromwich ENG"]
[Date "2005.04.30"]
[Round "9.4"]
[White "Buckley, Simon T"]
[Black "Webb, Richard M"]
[Result "1/2-1/2"]
[WhiteElo "2332"]
[BlackElo "2313"]
[PlyCount "40"]
[EventDate "2005.04.30"]
[SourceDate "2004.09.21"]

1. d4 Nf6 2. Bg5 e6 3. e4 h6 4. Bxf6 Qxf6 5. Nc3 Bb4 6. Qd3 d5 7. e5 Qe7 8. a3
Ba5 9. f4 Bb6 10. Na4 Bd7 11. Nxb6 axb6 12. Nf3 Nc6 13. Be2 Na5 14. Nd2 b5 15.
O-O O-O 16. c3 Nc4 17. Rab1 f6 18. Bd1 f5 19. Kh1 Be8 20. h3 Bg6 1/2-1/2

[Event "4NCL/Div1/WES1 vs. BRI1"]
[Site "West Bromwich ENG"]
[Date "2005.04.30"]
[Round "9.5"]
[White "Corkett, Anthony R"]
[Black "Beaumont, Chris"]
[Result "1/2-1/2"]
[WhiteElo "2321"]
[BlackElo "2329"]
[PlyCount "49"]
[EventDate "2005.04.30"]
[SourceDate "2004.09.21"]

1. e4 g6 2. d4 d6 3. Nc3 Bg7 4. Be2 Nf6 5. Nf3 O-O 6. O-O Bg4 7. Be3 Nc6 8. d5
Nb8 9. h3 Bxf3 10. Bxf3 c6 11. Qd2 Nbd7 12. Rab1 Qc7 13. dxc6 bxc6 14. Rfd1
Rab8 15. Be2 Rfd8 16. Bd3 Qa5 17. a3 Qc7 18. b4 d5 19. exd5 Nxd5 20. Nxd5 cxd5
21. Bg5 Nb6 22. Qe3 Na4 23. Rb3 Nc3 24. Re1 Re8 25. Qc5 1/2-1/2

[Event "4NCL/Div1/WES1 vs. BRI1"]
[Site "West Bromwich ENG"]
[Date "2005.04.30"]
[Round "9.6"]
[White "Sherwin, James T"]
[Black "Evans-Quek, Suan-Shiau"]
[Result "1/2-1/2"]
[WhiteElo "2302"]
[BlackElo "2295"]
[PlyCount "65"]
[EventDate "2005.04.30"]
[SourceDate "2004.09.21"]

1. d4 d6 2. c4 e5 3. Nf3 e4 4. Ng5 f5 5. g3 Be7 6. Nh3 Nf6 7. Nc3 c6 8. d5 Nbd7
9. Bg2 Nb6 10. Qb3 Nfd7 11. O-O c5 12. Qc2 Ne5 13. b3 O-O 14. f3 exf3 15. exf3
Ng6 16. Bd2 Nd7 17. Rae1 Nde5 18. f4 Nf7 19. Re2 Bd7 20. Rfe1 Rb8 21. Nf2 a6
22. a4 Bf6 23. Bf1 Ne7 24. Kh1 Nc8 25. Nh3 Na7 26. Ra1 b6 27. Ree1 Rb7 28. Bd3
g6 29. Ra2 Re8 30. Raa1 Bc8 31. Ng1 Rbe7 32. Nf3 Rxe1+ 33. Rxe1 1/2-1/2

[Event "4NCL/Div1/WES1 vs. BRI1"]
[Site "West Bromwich ENG"]
[Date "2005.04.30"]
[Round "9.7"]
[White "Yeo, Michael J"]
[Black "Buckley, David E"]
[Result "0-1"]
[WhiteElo "2222"]
[BlackElo "2223"]
[PlyCount "58"]
[EventDate "2005.04.30"]
[SourceDate "2004.09.21"]

1. e4 g6 2. d4 Bg7 3. Nc3 d6 4. f4 Nf6 5. Nf3 c5 6. e5 Nfd7 7. dxc5 dxe5 8.
fxe5 O-O 9. e6 fxe6 10. Bc4 Nxc5 11. Qxd8 Rxd8 12. Be3 b6 13. Bxc5 bxc5 14. O-O
Nc6 15. Rae1 Nd4 16. Ng5 Rb8 17. Na4 Bf6 18. Nxe6 Bxe6 19. Bxe6+ Nxe6 20. Rxe6
Rb4 21. Ra6 Rd2 22. c3 Re4 23. Kh1 Ree2 24. Raxf6 exf6 25. Rg1 c4 26. h3 f5 27.
b4 Rxa2 28. Nc5 f4 29. Rf1 g5 0-1

[Event "4NCL/Div1/WES1 vs. BRI1"]
[Site "West Bromwich ENG"]
[Date "2005.04.30"]
[Round "9.8"]
[White "Ashby, Ann-Marie"]
[Black "Evans-Quek, Debbie"]
[Result "1-0"]
[WhiteElo "2079"]
[BlackElo "1995"]
[PlyCount "66"]
[EventDate "2005.04.30"]
[SourceDate "2004.09.21"]

1. e4 c5 2. c3 e6 3. d4 d5 4. exd5 exd5 5. Nf3 Nc6 6. Bb5 a6 7. Bxc6+ bxc6 8.
O-O Bd6 9. Re1+ Ne7 10. dxc5 Bxc5 11. Bf4 O-O 12. Ne5 Bf5 13. Nd3 Bd6 14. Bxd6
Qxd6 15. Qe2 Ng6 16. Nd2 h5 17. Nb3 Bg4 18. Qd2 Qf6 19. Nbc5 Rfd8 20. Rac1 h4
21. h3 Bf5 22. Nb7 Rdb8 23. Nbc5 Qd6 24. Re2 Rb5 25. b4 a5 26. Rce1 Rbb8 27.
Qg5 Bxd3 28. Nxd3 axb4 29. cxb4 Ra3 30. Re8+ Rxe8 31. Rxe8+ Nf8 32. Qe5 Qg6 33.
Qe7 Qxd3 1-0

[Event "4NCL/Div1/BAR1 vs. GUI1"]
[Site "West Bromwich ENG"]
[Date "2005.04.30"]
[Round "9.3"]
[White "Devereaux, Maxim"]
[Black "Gallagher, Joseph G"]
[Result "0-1"]
[WhiteElo "2331"]
[BlackElo "2535"]
[PlyCount "52"]
[EventDate "2005.04.30"]
[SourceDate "2004.09.21"]

1. d4 Nf6 2. Bg5 Ne4 3. Bf4 d5 4. f3 Nf6 5. c4 e6 6. Nc3 c5 7. Nb5 Na6 8. e4
dxe4 9. Qa4 Bd7 10. d5 Nh5 11. dxe6 fxe6 12. Be3 Bc6 13. Nh3 exf3 14. Ng5 Be7
15. Rd1 Qb8 16. Qc2 Qe5 17. Qc3 Qxc3+ 18. bxc3 fxg2 19. Bxg2 Bxg2 20. Rg1 Bc6
21. Nxe6 Kf7 22. Ng5+ Bxg5 23. Rxg5 g6 24. Ke2 Kg7 25. Nd6 Rhf8 26. Rdg1 Nf4+
0-1

[Event "4NCL/Div1/BAR1 vs. GUI1"]
[Site "West Bromwich ENG"]
[Date "2005.04.30"]
[Round "9.4"]
[White "Kosten, Anthony C"]
[Black "Ferguson, Mark"]
[Result "1-0"]
[WhiteElo "2537"]
[BlackElo "2387"]
[PlyCount "45"]
[EventDate "2005.04.30"]
[SourceDate "2004.09.21"]

1. e4 Nf6 2. e5 Nd5 3. d4 d6 4. Nf3 dxe5 5. Nxe5 c6 6. Be2 Bf5 7. O-O Nd7 8.
Ng4 N7f6 9. c4 Bxg4 10. Bxg4 Nxg4 11. cxd5 Nf6 12. dxc6 bxc6 13. Qa4 Qd7 14.
Na3 e6 15. Nc4 c5 16. Qa6 cxd4 17. Nb6 axb6 18. Qxa8+ Ke7 19. b3 Ne8 20. Ba3+
Kf6 21. Qf3+ Kg6 22. Qg4+ Kf6 23. Bb2 1-0

[Event "4NCL/Div1/BAR1 vs. GUI1"]
[Site "West Bromwich ENG"]
[Date "2005.04.30"]
[Round "9.5"]
[White "Palliser, Richard"]
[Black "Hebden, Mark L"]
[Result "1/2-1/2"]
[WhiteElo "2402"]
[BlackElo "2514"]
[PlyCount "108"]
[EventDate "2005.04.30"]
[SourceDate "2004.09.21"]

1. d4 Nf6 2. Bg5 Ne4 3. Bf4 c5 4. f3 Qa5+ 5. c3 Nf6 6. d5 Qb6 7. Bc1 e6 8. c4
exd5 9. cxd5 c4 10. e4 Bc5 11. Nh3 d6 12. Nd2 Bxh3 13. Nxc4 Qc7 14. gxh3 O-O
15. Bd2 Re8 16. b4 Bd4 17. Rc1 Nh5 18. Bg5 Bf6 19. Bxf6 Nxf6 20. Bg2 b5 21. Na5
Qb6 22. Qd2 Nh5 23. Qf2 Nf4 24. Bf1 Nd7 25. Rc6 Ne5 26. Qxb6 axb6 27. Rxb6
Nxf3+ 28. Kf2 Nd2 29. Bxb5 Rxe4 30. Rd1 Nxh3+ 31. Kg2 Nf4+ 32. Kf2 Nxd5 33.
Rxd2 Nxb6 34. Bc6 Rf4+ 35. Ke3 Rxb4 36. Bxa8 Nxa8 37. Rxd6 Rb8 38. Nc6 Re8+ 39.
Kd4 Nc7 40. a4 f5 41. Rd7 Ne6+ 42. Kd5 Nf4+ 43. Kd6 Ng6 44. a5 f4 45. a6 f3 46.
Kc7 f2 47. Rd1 Re1 48. a7 f1=Q 49. a8=Q+ Nf8 50. Qa2+ Kh8 51. Ne5 h6 52. Nf7+
Kh7 53. Qb1+ Ng6 54. Ne5 Rxd1 1/2-1/2

[Event "4NCL/Div1/BAR1 vs. GUI1"]
[Site "West Bromwich ENG"]
[Date "2005.04.30"]
[Round "9.6"]
[White "Conquest, Stuart C"]
[Black "Cox, John J"]
[Result "0-1"]
[WhiteElo "2515"]
[BlackElo "2322"]
[PlyCount "94"]
[EventDate "2005.04.30"]
[SourceDate "2004.09.21"]

1. d4 Nf6 2. c4 e6 3. Nf3 c5 4. d5 d6 5. Nc3 exd5 6. cxd5 g6 7. Nd2 Bg7 8. e4
O-O 9. Be2 Re8 10. O-O Na6 11. Kh1 Nc7 12. a4 Rb8 13. f4 a6 14. a5 Bd7 15. Bf3
Bb5 16. Re1 Bd3 17. Nf1 Bxf1 18. Rxf1 Nb5 19. Nxb5 axb5 20. e5 dxe5 21. fxe5
Rxe5 22. Bf4 Ne8 23. a6 bxa6 24. Rxa6 Nd6 25. Qd2 Qe7 26. Qf2 Re8 27. Bxe5 Bxe5
28. Re1 Qf6 29. g3 Kg7 30. Rf1 Bd4 31. Qg2 Qe5 32. Bg4 Re7 33. b3 f5 34. Bf3 h5
35. Ra2 Ne4 36. Bxe4 fxe4 37. Re2 Qxd5 38. Rfe1 Qxb3 39. Rxe4 Rxe4 40. Qxe4 Qf7
41. Qe7 b4 42. Kg2 b3 43. Qxf7+ Kxf7 44. Kf3 c4 45. Ke4 Bc3 46. Rf1+ Ke6 47.
Ke3 Bb2 0-1

[Event "4NCL/Div1/BAR1 vs. GUI1"]
[Site "West Bromwich ENG"]
[Date "2005.04.30"]
[Round "9.7"]
[White "Knott, Simon"]
[Black "King, Daniel J"]
[Result "1/2-1/2"]
[WhiteElo "2386"]
[BlackElo "2517"]
[PlyCount "69"]
[EventDate "2005.04.30"]
[SourceDate "2004.09.21"]

1. Nf3 d5 2. d4 Nf6 3. c4 e6 4. Nc3 Be7 5. Bg5 O-O 6. e3 Nbd7 7. Rc1 c6 8. Bd3
dxc4 9. Bxc4 Nd5 10. Bxe7 Qxe7 11. O-O b6 12. Bd3 Bb7 13. Nxd5 exd5 14. Rc3 g6
15. Qe2 a5 16. e4 Rae8 17. exd5 Qd6 18. Qd2 Nf6 19. Qh6 Qxd5 20. Bc4 Qh5 21.
Qxh5 Nxh5 22. Re3 b5 23. Bb3 a4 24. Bc2 c5 25. dxc5 Rxe3 26. fxe3 Rc8 27. b4
axb3 28. Bxb3 Rxc5 29. Nd4 Bd5 30. Bxd5 Rxd5 31. Rb1 Re5 32. Kf2 Nf6 33. Rxb5
Ng4+ 34. Kf3 Rxe3+ 35. Kxg4 1/2-1/2

[Event "4NCL/Div1/BAR1 vs. GUI1"]
[Site "West Bromwich ENG"]
[Date "2005.04.30"]
[Round "9.8"]
[White "Krush, Irina"]
[Black "Lauterbach, Ingrid"]
[Result "0-1"]
[WhiteElo "2455"]
[BlackElo "2182"]
[PlyCount "71"]
[EventDate "2005.04.30"]
[SourceDate "2004.09.21"]

1. d4 d6 2. Nf3 g6 3. c4 Bg7 4. Nc3 Nd7 5. e4 e5 6. Be2 Ne7 7. O-O O-O 8. Rb1
exd4 9. Nxd4 Nc5 10. Bg5 f6 11. Bh4 Nc6 12. Nxc6 bxc6 13. f4 Qe8 14. Bf3 Be6
15. b4 Nd7 16. c5 dxc5 17. b5 Nb6 18. bxc6 Rd8 19. Nd5 Kh8 20. Qc1 Qxc6 21.
Nxf6 Bxa2 22. e5 Qe6 23. Ra1 Rd4 24. Bg4 Qc4 25. Qb2 Rxf4 26. Rxf4 Qxf4 27.
Rxa2 Nc4 28. Bg3 Qe3+ 29. Bf2 Qd3 30. Qc2 Nxe5 31. Qxd3 Nxd3 32. Ne4 Nxf2 33.
Nxf2 c6 34. Kf1 Bd4 35. Ke1 a5 36. Bf3 0-1

[Event "4NCL/Div1/AD1 vs. GUI2"]
[Site "West Bromwich ENG"]
[Date "2005.04.30"]
[Round "9.1"]
[White "Rogers, Ian"]
[Black "Howell, David W L"]
[Result "1/2-1/2"]
[WhiteElo "2576"]
[BlackElo "2416"]
[PlyCount "68"]
[EventDate "2005.04.30"]
[SourceDate "2004.09.21"]

1. e4 e5 2. Bc4 Nf6 3. d3 Nc6 4. Nc3 Na5 5. Qf3 c6 6. Nge2 Nxc4 7. dxc4 d6 8.
h3 Be6 9. b3 Be7 10. O-O h5 11. Rd1 Nd7 12. Ng3 g6 13. Nf5 Nc5 14. Ba3 gxf5 15.
Bxc5 f4 16. Ba3 Bf8 17. Kf1 Rh6 18. Bxd6 Bxd6 19. c5 Qg5 20. Rxd6 Rg6 21. Re1
Kf8 22. Ke2 Qxg2 23. Qxh5 Qg5 24. Qxg5 Rxg5 25. h4 Rh5 26. Rh1 Ke7 27. Rdd1
Rah8 28. Rdg1 Rxh4 29. Rxh4 Rxh4 30. Rg8 Rh3 31. Kd2 Rh2 32. Ke2 Rh3 33. Kd2
Rh2 34. Ke2 Rh3 1/2-1/2

[Event "4NCL/Div1/AD1 vs. GUI2"]
[Site "West Bromwich ENG"]
[Date "2005.04.30"]
[Round "9.2"]
[White "Plaskett, James"]
[Black "Chandler, Murray G"]
[Result "0-1"]
[WhiteElo "2490"]
[BlackElo "2544"]
[PlyCount "50"]
[EventDate "2005.04.30"]
[SourceDate "2004.09.21"]

1. e4 c5 2. Nc3 Nc6 3. Bb5 Nd4 4. Nf3 e6 5. O-O a6 6. Be2 Ne7 7. d3 Nec6 8. Bf4
d6 9. Qd2 Be7 10. Rae1 Nxe2+ 11. Rxe2 e5 12. Bg5 Nd4 13. Bxe7 Nxe2+ 14. Qxe2
Qxe7 15. Nd5 Qd8 16. Nd2 Be6 17. f4 exf4 18. Rxf4 O-O 19. Nf6+ gxf6 20. Qh5 Kg7
21. Rh4 Rh8 22. Qh6+ Kg8 23. Rf4 Qf8 24. Qh4 h6 25. e5 f5 0-1

[Event "4NCL/Div1/AD1 vs. GUI2"]
[Site "West Bromwich ENG"]
[Date "2005.04.30"]
[Round "9.3"]
[White "Mestel, A Jonathan"]
[Black "Flear, Glenn C"]
[Result "1/2-1/2"]
[WhiteElo "2499"]
[BlackElo "2475"]
[PlyCount "57"]
[EventDate "2005.04.30"]
[SourceDate "2004.09.21"]

1. c4 e6 2. Nf3 d5 3. b3 Be7 4. g3 Bf6 5. d4 c5 6. cxd5 cxd4 7. Bb2 Qxd5 8. Bg2
Nc6 9. O-O Qd8 10. Nbd2 e5 11. b4 a6 12. Ne4 Be7 13. e3 Nf6 14. Nxf6+ Bxf6 15.
exd4 exd4 16. Re1+ Be6 17. a4 O-O 18. b5 axb5 19. axb5 Rxa1 20. Bxa1 Na5 21.
Nxd4 Bc4 22. Nf5 Qxd1 23. Rxd1 Bxa1 24. Rxa1 b6 25. Nd6 Be6 26. Rc1 Rd8 27. Nb7
Nxb7 28. Bxb7 Kf8 29. Bc6 1/2-1/2

[Event "4NCL/Div1/AD1 vs. GUI2"]
[Site "West Bromwich ENG"]
[Date "2005.04.30"]
[Round "9.4"]
[White "Shaw, John K"]
[Black "Hennigan, Michael T"]
[Result "1-0"]
[WhiteElo "2454"]
[BlackElo "2400"]
[PlyCount "87"]
[EventDate "2005.04.30"]
[SourceDate "2004.09.21"]

1. e4 c5 2. Nf3 Nc6 3. Bb5 e6 4. O-O Nge7 5. b3 d6 6. d4 cxd4 7. Nxd4 a6 8.
Nxc6 Nxc6 9. Bxc6+ bxc6 10. Bb2 d5 11. exd5 cxd5 12. Nd2 Bb7 13. Re1 Qd7 14.
Qg4 h5 15. Qg5 Rh6 16. Nf3 f6 17. Qe3 Kf7 18. Rad1 Re8 19. c4 Bd6 20. Nh4 Bb8
21. Rd2 g5 22. Nf3 Bf4 23. Qc3 Bxd2 24. Qxd2 Qc7 25. h4 Qf4 26. Qb4 Ba8 27.
hxg5 fxg5 28. Bc1 Qb8 29. Qc3 dxc4 30. Bxg5 Rh7 31. Ne5+ Kg8 32. Bf6 h4 33.
Qxc4 Qb7 34. Qg4+ Kf8 35. Re3 Rg7 36. Bxg7+ Qxg7 37. Qxg7+ Kxg7 38. Kh2 Kf6 39.
Kh3 Rc8 40. Nd7+ Ke7 41. Nb6 Rb8 42. Nxa8 Rxa8 43. Kxh4 Rc8 44. Re2 1-0

[Event "4NCL/Div1/AD1 vs. GUI2"]
[Site "West Bromwich ENG"]
[Date "2005.04.30"]
[Round "9.5"]
[White "Richardson, John R"]
[Black "Cherniaev, Alexander"]
[Result "1/2-1/2"]
[WhiteElo "2309"]
[BlackElo "2469"]
[PlyCount "123"]
[EventDate "2005.04.30"]
[SourceDate "2004.09.21"]

1. d4 f5 2. g3 Nf6 3. Bg2 g6 4. c4 Bg7 5. Nc3 O-O 6. Nf3 d6 7. O-O Na6 8. b3 c6
9. Bb2 Qe8 10. d5 Bd7 11. Nd4 Nc7 12. Qd2 c5 13. Nc2 a6 14. b4 cxb4 15. Nxb4
Rc8 16. Rac1 Na8 17. Nd1 Nb6 18. Qd4 Na4 19. Ba1 Rf7 20. Qa7 Ra8 21. Qe3 Ng4
22. Qf4 Qf8 23. Nd3 Bxa1 24. Rxa1 Qg7 25. Rb1 b6 26. Rb3 g5 27. Qd2 f4 28. h3
Ne5 29. Nxe5 Qxe5 30. Nb2 Nc5 31. Rf3 Raf8 32. Nd3 Qd4 33. Qc1 Na4 34. Nb4 b5
35. Nc6 Qxc4 36. Qxc4 bxc4 37. Ra3 Nc5 38. Rc1 fxg3 39. fxg3 Kg7 40. Rxc4 h6
41. Re3 Rc8 42. g4 Kf8 43. Bf3 Ke8 44. Rb4 Bxc6 45. dxc6 e6 46. Kg2 Ke7 47. Rc3
Rff8 48. h4 Rb8 49. Rxb8 Rxb8 50. hxg5 hxg5 51. Rc1 Rh8 52. e4 e5 53. Be2 Rc8
54. Bc4 Rxc6 55. Bd5 Rb6 56. Rh1 Nd3 57. Rh7+ Kf6 58. Rf7+ Kg6 59. Rd7 Nf4+ 60.
Kf3 Nxd5 61. exd5 Kf6 62. a3 1/2-1/2

[Event "4NCL/Div1/AD1 vs. GUI2"]
[Site "West Bromwich ENG"]
[Date "2005.04.30"]
[Round "9.7"]
[White "Lyell, Mark"]
[Black "Povah, Nigel E"]
[Result "0-1"]
[WhiteElo "2224"]
[BlackElo "2377"]
[PlyCount "54"]
[EventDate "2005.04.30"]
[SourceDate "2004.09.21"]

1. e4 d5 2. exd5 Nf6 3. d4 Bg4 4. Nf3 Qxd5 5. Be2 Nc6 6. h3 Bxf3 7. Bxf3 Qd7 8.
c3 O-O-O 9. Qa4 Nd5 10. O-O Kb8 11. c4 Nb6 12. Bxc6 bxc6 13. Qa6 Qxd4 14. Na3
e6 15. Be3 Qe5 16. Rfe1 Bc5 17. Rab1 Bxe3 18. Rxe3 Qh5 19. b4 Rd1+ 20. Rxd1
Qxd1+ 21. Kh2 Qd6+ 22. Rg3 Qxb4 23. Rxg7 Qd6+ 24. g3 f5 25. Qa5 Qd4 26. Rf7
Qxf2+ 27. Kh1 Rd8 0-1

[Event "4NCL/Div1/AD1 vs. GUI2"]
[Site "West Bromwich ENG"]
[Date "2005.04.30"]
[Round "9.8"]
[White "Yurenok, Maria S"]
[Black "Bellin, Jana"]
[Result "1-0"]
[WhiteElo "2078"]
[BlackElo "2184"]
[PlyCount "111"]
[EventDate "2005.04.30"]
[SourceDate "2004.09.21"]

1. d4 c5 2. c3 Nf6 3. Nf3 b6 4. Bg5 Bb7 5. e3 Ne4 6. Bf4 d6 7. Bb5+ Nd7 8. Qa4
a6 9. Bxd7+ Qxd7 10. Qxd7+ Kxd7 11. O-O g5 12. Bxg5 Nxg5 13. Nxg5 Rg8 14. f4
Bxg2 15. Kxg2 f6 16. Nd2 fxg5 17. f5 Bg7 18. d5 b5 19. Rac1 g4 20. Ne4 Raf8 21.
Ng3 Be5 22. e4 Rg5 23. Ne2 a5 24. Nf4 Rgg8 25. Nd3 Bf6 26. c4 b4 27. Rce1 Bd4
28. Re2 Rg5 29. Nf4 Rc8 30. Ne6 Rgg8 31. Nxd4 cxd4 32. b3 a4 33. Rd1 axb3 34.
axb3 Ra8 35. Rxd4 Ra1 36. e5 dxe5 37. Rxe5 Rb1 38. Rd3 Ra8 39. Kg3 h5 40. Rde3
Ra3 41. Rxe7+ Kd6 42. Kf4 Rbxb3 43. R3e6+ Kc5 44. Rc7+ Kd4 45. Re4+ Kd3 46. d6
Kc2 47. d7 Rf3+ 48. Kg5 Rad3 49. Re8 g3 50. hxg3 Rxg3+ 51. Kf6 b3 52. d8=Q Rxd8
53. Rxd8 h4 54. Rb7 h3 55. Rh8 b2 56. Rhb8 1-0

[Event "4NCL/Div1/WGR1 vs. RICA"]
[Site "West Bromwich ENG"]
[Date "2005.04.30"]
[Round "9.1"]
[White "Adams, Michael"]
[Black "Bates, Richard A"]
[Result "1-0"]
[WhiteElo "2737"]
[BlackElo "2377"]
[PlyCount "73"]
[EventDate "2005.04.30"]
[SourceDate "2004.09.21"]

1. e4 c5 2. Nf3 d6 3. d4 cxd4 4. Nxd4 Nf6 5. Nc3 a6 6. Be3 e5 7. Nb3 Be7 8. f3
Be6 9. Qd2 O-O 10. O-O-O Qc7 11. g4 Rc8 12. g5 Nh5 13. Nd5 Bxd5 14. exd5 Nd7
15. Bh3 a5 16. Kb1 a4 17. Nc1 Nf4 18. Bxf4 exf4 19. Bxd7 Qxd7 20. h4 Rc4 21.
Ne2 Rac8 22. Rc1 g6 23. a3 Bd8 24. Nxf4 Qf5 25. Ng2 Qxf3 26. Rhf1 Ba5 27. c3
Qe4+ 28. Ka1 R4c5 29. Nf4 Rb5 30. Rce1 Qc4 31. Rf3 Rb3 32. h5 Qb5 33. Ree3 Bb6
34. hxg6 hxg6 35. Re7 Bc5 36. Nxg6 Bxa3 37. Rfxf7 1-0

[Event "4NCL/Div1/WGR1 vs. RICA"]
[Site "West Bromwich ENG"]
[Date "2005.04.30"]
[Round "9.3"]
[White "Gormally, Daniel W"]
[Black "Hinks-Edwards, Thomas"]
[Result "1-0"]
[WhiteElo "2532"]
[BlackElo "2356"]
[PlyCount "85"]
[EventDate "2005.04.30"]
[SourceDate "2004.09.21"]

1. d4 Nf6 2. Nf3 e6 3. c4 b6 4. g3 Ba6 5. b3 Bb7 6. Bg2 Bb4+ 7. Bd2 a5 8. Nc3
d6 9. O-O Nbd7 10. d5 e5 11. Ne1 O-O 12. Nd3 Bxc3 13. Bxc3 b5 14. f4 e4 15. Nf2
bxc4 16. bxc4 Ba6 17. Nxe4 Bxc4 18. Nxf6+ Nxf6 19. Re1 Qb8 20. e4 Rd8 21. Bxf6
gxf6 22. Qg4+ Kh8 23. Qh4 Kg7 24. g4 Qb6+ 25. Kh1 Re8 26. g5 Qd4 27. Qh6+ Kh8
28. Rad1 Qb2 29. e5 f5 30. Qf6+ Kg8 31. Qxf5 dxe5 32. fxe5 Ra6 33. Rc1 Qxa2 34.
Qe4 Bb5 35. Rxc7 Rg6 36. e6 fxe6 37. Qh4 Rg7 38. Rxg7+ Kxg7 39. Qh6+ Kg8 40. g6
hxg6 41. Qxg6+ Kf8 42. Qf6+ Kg8 43. Be4 1-0

[Event "4NCL/Div1/WGR1 vs. RICA"]
[Site "West Bromwich ENG"]
[Date "2005.04.30"]
[Round "9.5"]
[White "Baburin, Alexander"]
[Black "Webb, Laurence E"]
[Result "1-0"]
[WhiteElo "2523"]
[BlackElo "2336"]
[PlyCount "65"]
[EventDate "2005.04.30"]
[SourceDate "2004.09.21"]

1. d4 Nf6 2. c4 e6 3. Nc3 Bb4 4. Qc2 d6 5. Bg5 Nbd7 6. e3 e5 7. Nge2 h6 8. Bh4
Qe7 9. a3 Bxc3+ 10. Nxc3 g5 11. Bg3 exd4 12. Nb5 Nc5 13. O-O-O d3 14. Bxd3 a6
15. Nc3 Bd7 16. e4 Bc6 17. Rhe1 Nxd3+ 18. Qxd3 O-O-O 19. Nd5 Bxd5 20. exd5 Qf8
21. c5 Nd7 22. cxd6 cxd6 23. Kb1 Kb8 24. Rc1 Nb6 25. Qb3 Nc8 26. Rc6 Qg7 27.
Rec1 Rhe8 28. Rxa6 Qg6+ 29. Ka1 f5 30. f3 f4 31. Bf2 Rd7 32. Qa4 b5 33. Ra8+
1-0

[Event "4NCL/Div1/WGR1 vs. RICA"]
[Site "West Bromwich ENG"]
[Date "2005.04.30"]
[Round "9.6"]
[White "Van der Griendt, Jan W"]
[Black "Lalic, Bogdan"]
[Result "1/2-1/2"]
[WhiteElo "2373"]
[BlackElo "2503"]
[PlyCount "34"]
[EventDate "2005.04.30"]
[SourceDate "2004.09.21"]

1. d4 d5 2. Nf3 Nf6 3. c4 dxc4 4. Qa4+ c6 5. Qxc4 Bf5 6. e3 Nbd7 7. Be2 e6 8.
O-O Bd6 9. Nbd2 O-O 10. Qb3 b5 11. a4 a6 12. Re1 Qc7 13. h3 h6 14. Bf1 Ne4 15.
Nxe4 Bxe4 16. Nd2 Bd5 17. Qc2 f5 1/2-1/2

[Event "4NCL/Div1/WGR1 vs. RICA"]
[Site "West Bromwich ENG"]
[Date "2005.04.30"]
[Round "9.7"]
[White "Turner, Matthew J"]
[Black "Mitchem, Nicholas D"]
[Result "1-0"]
[WhiteElo "2499"]
[BlackElo "2060"]
[PlyCount "89"]
[EventDate "2005.04.30"]
[SourceDate "2004.09.21"]

1. c4 g6 2. g3 Bg7 3. Bg2 Nf6 4. Nc3 d6 5. e4 e5 6. Nge2 O-O 7. O-O c5 8. h3
Nc6 9. f4 a6 10. d3 Rb8 11. a4 Nd4 12. Rb1 Bd7 13. Bd2 Bc6 14. Nxd4 cxd4 15.
Ne2 Qd7 16. a5 b5 17. axb6 Rxb6 18. b4 Ba4 19. Qc1 Rfb8 20. Qa3 Bc6 21. Kh2 Ne8
22. f5 Qe7 23. Qc1 Bd7 24. g4 f6 25. Ng3 g5 26. Nh5 h6 27. h4 Bh8 28. Rf3 Ng7
29. Ng3 Ne8 30. Qa3 Bg7 31. Rh1 Nc7 32. Bf1 Rf8 33. Qa5 Rb7 34. Kg1 Be8 35. Be2
Qd7 36. Bd1 Qc6 37. Rf2 Qb6 38. Qa2 Bf7 39. hxg5 hxg5 40. Rfh2 Nb5 41. Bxg5
fxg5 42. Qd2 Qd8 43. cxb5 Rxb5 44. Rh8+ Bxh8 45. Qh2 1-0

[Event "4NCL/Div1/WGR1 vs. RICA"]
[Site "West Bromwich ENG"]
[Date "2005.04.30"]
[Round "9.8"]
[White "Wilson, Alexandra"]
[Black "Cramling, Pia"]
[Result "0-1"]
[WhiteElo "2058"]
[BlackElo "2499"]
[PlyCount "74"]
[EventDate "2005.04.30"]
[SourceDate "2004.09.21"]

1. e4 c5 2. Nf3 e6 3. d3 Nc6 4. Nbd2 g6 5. g3 Bg7 6. Bg2 Nge7 7. O-O d6 8. Re1
O-O 9. Nf1 h6 10. c3 e5 11. Ne3 f5 12. exf5 gxf5 13. Nh4 Be6 14. f4 Qd7 15. Nc2
Rae8 16. Bf3 Kh7 17. Bh5 Rc8 18. Qe2 Bf7 19. Bxf7 Rxf7 20. Qh5 Rff8 21. Rf1 Qe8
22. Qe2 Ng6 23. Nxg6 Qxg6 24. Qg2 Rc7 25. Ne3 Ne7 26. Bd2 Qe6 27. Rae1 b5 28.
a4 bxa4 29. fxe5 dxe5 30. Ra1 Qd7 31. Nc4 Qxd3 32. Rxa4 Ng6 33. b3 e4 34. Qh3
f4 35. Qg4 e3 36. Be1 Rcf7 37. Ra6 fxg3 0-1

[Event "4NCL/Div1/3CS1 vs. RICA"]
[Site "West Bromwich ENG"]
[Date "2005.05.01"]
[Round "10.1"]
[White "Davies, Nigel R"]
[Black "Wall, Gavin"]
[Result "1-0"]
[WhiteElo "2523"]
[BlackElo "2368"]
[PlyCount "53"]
[EventDate "2005.05.01"]
[SourceDate "2004.09.21"]

1. e4 e5 2. Nf3 d6 3. d4 exd4 4. Nxd4 Nf6 5. Nc3 Be7 6. g3 O-O 7. Bg2 Bg4 8.
Qd2 Qc8 9. h3 Bd7 10. g4 Re8 11. O-O h5 12. f3 Nc6 {(=)} 13. Nf5 Bxf5 14. gxf5
Nd7 15. Kh1 Nb6 16. Ne2 d5 17. Ng3 h4 18. Nh5 Qd8 19. Nxg7 Bg5 20. f4 Kxg7 21.
fxg5 dxe4 22. Qf4 Qd6 23. Qxh4 Rh8 24. f6+ Kg8 25. Qxe4 Qd7 26. Bf4 Re8 27. Qd3
1-0

[Event "4NCL/Div1/3CS1 vs. RICA"]
[Site "West Bromwich ENG"]
[Date "2005.05.01"]
[Round "10.2"]
[White "Bates, Richard A"]
[Black "Jonkman, Harmen"]
[Result "0-1"]
[WhiteElo "2377"]
[BlackElo "2428"]
[PlyCount "172"]
[EventDate "2005.05.01"]
[SourceDate "2004.09.21"]

1. d4 d5 2. c4 dxc4 3. e3 e6 4. Bxc4 a6 5. Nf3 Nf6 6. O-O b5 7. Bd3 c5 8. Qe2
cxd4 9. exd4 Be7 10. a4 bxa4 11. Nc3 Nc6 12. Rxa4 Nb4 13. Bc4 O-O 14. Bg5 a5
15. Rd1 Bb7 16. Raa1 h6 17. Bh4 Nfd5 18. Bg3 Bg5 19. Nxg5 Qxg5 20. Ne4 Qg6 21.
f3 h5 22. Nc5 Bc6 23. Nd3 Qg5 24. Nxb4 {(=)} Nxb4 25. Bd6 Rfc8 26. Bxb4 axb4
27. Rxa8 Bxa8 28. Bd3 h4 29. Qd2 Qa5 30. Qf4 Qd8 31. Re1 Bd5 32. h3 b3 33. Re5
Qf6 34. Qg4 Rc1+ 35. Kh2 g6 36. Rg5 Kg7 37. Qxh4 Rd1 38. Be4 Rxd4 39. Qg3 Bxe4
40. fxe4 Rxe4 41. Rb5 Qxb2 42. Rxb3 Qe5 43. Qxe5+ Rxe5 44. h4 Re4 45. Kg3 f5
46. Rb7+ Kf6 47. Rh7 Rc4 48. Kf2 Rc2+ 49. Kf1 f4 50. Rh8 e5 51. Rf8+ Ke7 52.
Rg8 Kf7 53. Ra8 Ke6 54. Rg8 Kf7 55. Ra8 Ke6 56. Rg8 Kf5 57. Rf8+ Kg4 58. Rf6 g5
59. hxg5 Rc1+ 60. Kf2 Rc2+ 61. Kf1 Kxg5 62. Rf8 Kg4 63. Rf7 e4 64. Rg7+ Kf5 65.
Re7 Rc6 66. Re8 Re6 67. Rf8+ Ke5 68. Ke2 Rg6 69. Kf2 Rg5 70. Re8+ Kd4 71. Rd8+
Rd5 72. Ra8 Rc5 73. Rd8+ Rd5 74. Ra8 Rb5 75. Rd8+ Kc4 76. Rc8+ Rc5 77. Re8 Kd3
78. Rd8+ Kc2 79. Rd4 Re5 80. Ke2 Kb3 81. Kd2 Re6 82. Ke2 Kc3 83. Ra4 Re7 84.
Kf2 Kd3 85. Ra3+ Kd4 86. Ra4+ Kc5 0-1